[Event "Poikovsky Karpov 05th"]
[Site "Poikovsky"]
[Date "2004.03.21"]
[Round "9"]
[White "Aleksandrov, Aleksej"]
[Black "Sokolov, Ivan"]
[Result "0-1"]
[WhiteElo "2679"]
[BlackElo "2706"]
[Annotator "Huebner,R"]
[PlyCount "64"]
[EventDate "2004.03.17"]
[EventType "tourn"]
[EventRounds "9"]
[EventCountry "RUS"]
[EventCategory "18"]
[SourceTitle "CBM 100"]
[Source "ChessBase"]
[SourceDate "2004.06.01"]
[SourceVersion "1"]
[SourceVersionDate "2004.06.01"]
[SourceQuality "1"]

1. d4 {Ftacnik} d5 2. c4 c6 3. Nf3 Nf6 4. e3 Bg4 5. h3 Bh5 6. Nc3 e6 7. g4 Bg6
8. Ne5 Nbd7 9. Nxg6 hxg6 10. cxd5 Nxd5 {'!?' Ftacnik. Ftacnik: 'Sokolov would
like to exchange a pair of knights, since taking with pawn on d5 is convicting
his piece from f6 to passivity after the possible g4-g5. The move also opens
an interesting scope of operation for the black queen.'} 11. Bd2 (11. Bg2 g5
12. Bd2 a5 13. O-O Be7 14. Ne2 Qc7 15. Rc1 a4 16. Nc3 N7b6 17. Ne4 Nd7 18. Qc2
N5f6 19. Rfd1 {1/2-1/2 Izoria,Z-Bu Xiangzhi/Bled 2002/EXT 2003 (19).}) 11...
N5b6 12. Qc2 (12. Qf3 $5 {Ftacnik} Qh4 13. e4 g5 14. O-O-O Nf6 15. Bd3 Be7 16.
Be3 $14) 12... Qh4 13. Be2 Be7 14. Qe4 g5 {Ftacnik: 'The moderate opening of
the position has paradoxally benefit black, white's structure has relatively
poor mobility and bishops no open diagonals.'} 15. Qg2 Nd5 16. O-O-O a5 17. f4
{Dies kommt mir verfrüht vor.} (17. Kb1 $11) 17... N7b6 18. Ne4 gxf4 19. exf4
Bb4 20. Bd3 Qe7 21. Kb1 Bxd2 22. Qxd2 Qb4 23. Qf2 (23. f5 $11) 23... Na4 {
Ftacnik: 'Alexandrov already has to take care due to the active location of
the dark pieces.'} 24. Rc1 $2 ({Nach} 24. Rd2 {liegt noch kein Grund zur
Verzweiflung vor.}) 24... Nxf4 25. Bc4 (25. Bf1 {Ftacnik} b5 (25... Nd5 26. Rc4
Qxb2+ 27. Qxb2 Nxb2 28. Kxb2 $16) 26. Rh2 Nd5 27. Rxc6 Rb8 $11) 25... O-O-O {
'?!' Ftacnik.} (25... Rxh3 {Ftacnik} 26. a3 Qb6 27. Nc5 $13) 26. Rc2 {'?'
Ftacnik. Ftacnik: 'White is playing without full concentration, too many
mistakes are disturbing the middelgame fight.'} (26. b3 $1 {Ftacnik} Nd5 27.
Qxf7 Rd7 28. Qxe6 Nac3+ 29. Nxc3 Nxc3+ 30. Ka1 Nd5 $14) 26... Rxh3 27. Rd1 $2 (
27. Rhc1 {bietet immer noch Widerstandsmöglichkeiten:} Nd3 28. Bxd3 Rxd3 29.
Qxf7 Kb8 30. Ng5 {usw.}) 27... g5 $2 (27... e5 {führt zum Sieg.}) (27... Nd5 {
ist ebenfalls entscheidend.}) 28. Bf1 Rh1 29. Nxg5 e5 30. a3 $2 (30. Qf3 Rg1
31. Nxf7 Rxd4 32. Rdc1 {ergibt eine unklare Stellung.}) 30... Qb3 (30... Rxd4 {
ist weniger genau. Mit} 31. Rdc1 {kann Weiß noch Widerstand leisten:} (31. axb4
Rxd1+ 32. Ka2 (32. Rc1 {verliert nach} Rxc1+ 33. Kxc1 Nd3+) 32... Rhxf1 33. Qa7
Nd5 34. Qa8+ Kc7 35. Qxa5+ Nab6 {, und Schwarz gewinnt.}) (31. Re1 Qb3 {
ist hoffnungslos für Weiß.}) 31... Qe7 (31... Qb3 32. Nf3) (31... Qd6 32. Qf3)
32. Nf3 Rd5 33. Rxc6+ bxc6 34. Ba6+ Kd7 35. Rxh1 {usw.}) 31. Ne4 $2 ({Nach} 31.
Rdc1 {hätte Schwarz noch genau spielen müssen:} exd4 (31... Rxd4 32. Nf3 {
ist weniger überzeugend.}) 32. Qxf4 Nc3+ 33. Rxc3 dxc3 34. Qf5+ Rd7 {mit
Gewinn:} 35. Qc2 (35. Rc2 cxb2 36. Ne4 Qxa3 37. Rxb2 Qd3+ {, und Schwarz
gewinnt.}) (35. Rxc3 Rxf1+ {, und Schwarz gewinnt.}) 35... Qxc2+ 36. Kxc2 Rd2+
37. Kxc3 Rf2 {, und Schwarz gewinnt.}) 31... Nxb2 32. Kc1 Nxd1 0-1

[Event "Oxford GM-A"]
[Site "Oxford"]
[Date "1998.12.21"]
[Round "7"]
[White "Gausel, Einar"]
[Black "Rowson, Jonathan"]
[Result "1-0"]
[WhiteElo "2540"]
[BlackElo "2495"]
[Annotator "Huebner,R"]
[PlyCount "77"]
[EventDate "1998.12.14"]
[EventType "tourn"]
[EventRounds "9"]
[EventCountry "ENG"]
[EventCategory "11"]
[SourceTitle "CBM 069"]
[Source "ChessBase"]
[SourceDate "1999.04.01"]
[SourceVersion "1"]
[SourceVersionDate "1999.04.01"]
[SourceQuality "1"]

1. Nf3 d5 2. d4 Bf5 3. c4 e6 4. Nc3 c6 5. Qb3 Qb6 6. c5 Qc7 7. Bf4 Qc8 8. Nh4
Be4 9. f3 Bg6 10. Nxg6 hxg6 11. e4 Nf6 12. exd5 Nxd5 13. Nxd5 cxd5 14. Bxb8
Qxb8 15. Bb5+ Kd8 16. g3 Be7 17. O-O Bf6 {Dieselbe Stellung entstand in der
Partie van L.Wely-V.Salov, Donner-Gedenkturnier, Amsterdam 1995, mit dem
Unterschied, daß der f-Bauer des Weißen dort noch auf f2 stand, weil Schwarz
gleich 8...Lg6 gespielt hatte, statt 8...Le4 einzuschalten. Der Unterschied,
obgleich nicht besonders wesentlich, begünstigt Schwarz natürlich.} 18. Rfd1 {
Van Wely setzte mit Ta1-d1 nebst Tf1-e1 fort. Wenn Weiß mit den
Damenflügelbauern vorgehen will, erscheint der Textzug plausibler; der
Damenturm kann zum Beispiel auf der b-Linie zum Einsatz kommen.} a6 19. Bf1 Ke7
{Soweit ich weiß, ist dieser Plan bisher noch nicht angewandt worden: Schwarz
bringt seinen Königsturm ins Spiel und überführt seinen König so schnell wie
möglich zum Königsflügel. Die Idee gefällt mir ausgezeichnet; Schwarz dürfte
auf diese Weise überleben können.} 20. f4 (20. Qa3 Rc8 {bringt dem Weißen
nichts ein.}) (20. Qe3 {nebst b2-b4 scheint mir das angewiesene Verfahren zu
sein.}) 20... Rc8 21. Qe3 Kf8 22. b4 b6 23. Rab1 Qa7 24. g4 $2 {Am
Königsflügel kann Weiß nichts erreichen; er schwächt nur den Punkt f4. Richtig
war meines Erachtens} (24. Rbc1 {um auf} a5 {die Antwort} 25. b5 {parat zu
haben; auch mancher andere Zug kommt in Betracht.}) 24... a5 25. g5 Bd8 26. Qh3
axb4 $2 (26... Kg8 {führt zu einer für Schwarz vollkommen befriedigenden
Stellung; Weiß muß sich anscheinend mit} 27. a3 {bescheiden. Er mag sogar mit
der Anfälligkeit der Punkte d4 und besonders f4 Schwierigkeiten bekommen.}) 27.
Qh8+ Ke7 28. Qxg7 bxc5 29. f5 gxf5 30. g6 Bb6 $2 {Danach ist Schwarz definitiv
verloren.} (30... Kd6 {bietet ihm bessere Verteidigungsmöglichkeiten:} 31. gxf7
Bh4 (31... Bb6 32. Re1 {ergibt die Partiefortsetzung.}) 32. Rdc1 c4 (32... Qxa2
{scheitert an} 33. f8=Q+ Rxf8 34. dxc5+ Kc6 35. Bb5+ Kxb5 36. Qb7+ {nebst matt.
}) 33. Rxb4 Be7 (33... Rh8 34. Rb7 $18) 34. Rcb1 Kc6 35. Rb7 (35. Rxc4+ dxc4
36. Bg2+ Kd7 37. Rb7+ Qxb7 38. Bxb7 c3 {ist auch nicht klar.}) 35... Qxb7 36.
Rxb7 ({Die Fortsetzung} 36. f8=Q Rxf8 37. Rxb7 Rg8 38. Rxe7 Rxg7+ 39. Rxg7 Rxa2
{ist ebenfalls nicht deutlich.}) 36... Bf8 37. Qe5 Kxb7 38. Qxe6 Rd8 39. Bg2
Ra5 40. Qxf5 {Der Gewinn ist für Weiß noch nicht einfach.}) 31. Re1 $18 Kd6 ({
Jetzt gibt es keine Rettung mehr;} 31... Rf8 32. Bb5 {ist ebenfalls
hoffnungslos für Schwarz:} cxd4 (32... Kd6 33. Qe5+ Ke7 34. gxf7 Kxf7 (34...
Rxf7 35. Qxe6+ Kf8 36. Kh1 (36. Bc6 {dürfte auch genügen:} c4 37. Bxd5 Bxd4+
38. Kh1 Rd8 39. Qxf7+ Qxf7 40. Bxf7 Kxf7 41. Rxb4 c3 42. Rc4 {Weiß steht auf
Gewinn.}) 36... c4 37. Qh6+ Rg7 38. Qh8+ Rg8 (38... Kf7 39. Be8+ $18) 39. Qf6+
Qf7 40. Qd6+ $18) 35. Qxe6+ Kg7 36. Kh1 {und Schwarz wird bald matt.}) 33.
Rxe6+ Kxe6 34. Re1+ Kd6 35. Qf6+ Kc7 36. Qe7+ $18) 32. gxf7 Qe7 (32... Qd7 {
hilft nichts:} 33. Bb5 Qxb5 34. Rxe6+ Kxe6 35. Re1+ Kd6 36. f8=Q+ Rxf8 37. Qe7+
Kc6 38. Re6#) 33. Bb5 cxd4 34. Qe5+ Kc5 35. a4 Bc7 36. Rbc1+ Kb6 37. Qxe6+ Qxe6
38. Rxe6+ Ka5 39. Be8 1-0

[Event "Lazne Bohdanec"]
[Site "Lazne Bohdanec"]
[Date "1996.??.??"]
[Round "9"]
[White "Kogan, Artur"]
[Black "Meduna, Eduard"]
[Result "1-0"]
[WhiteElo "2485"]
[BlackElo "2435"]
[Annotator "Huebner,R"]
[PlyCount "145"]
[EventDate "1996.01.??"]
[EventType "tourn"]
[EventRounds "11"]
[EventCountry "CZE"]
[EventCategory "10"]
[SourceTitle "CBM 051"]
[Source "ChessBase"]
[SourceDate "1996.04.01"]
[SourceVersion "1"]
[SourceVersionDate "1996.04.01"]
[SourceQuality "1"]

1. d4 d5 2. c4 c6 3. Nf3 Nf6 4. e3 Bg4 5. Qb3 Qc7 6. Ne5 e6 7. cxd5 exd5 8.
Nxg4 Nxg4 9. Nc3 Nf6 10. Bd2 Nbd7 11. Bd3 Be7 12. g4 {Überzeugend scheint mir
dies Bauernopfer nicht zu sein.} Nxg4 13. Bf5 Ngf6 14. O-O-O g6 15. Bh3 O-O 16.
Kb1 a5 (16... Nb6 $5) 17. f3 b5 (17... Nb6 $5) 18. Qc2 b4 $6 (18... Qb7 19. e4
dxe4 20. fxe4 Nb6) 19. Na4 Nb6 20. Nxb6 Qxb6 21. Rc1 a4 22. Qxc6 Qa7 23. Qc7
Qa6 24. Bf1 $14 (24. Qxe7 Qd3+ 25. Ka1 Qxd2 26. Rhd1 (26. Qxf6 $2 a3 27. Rb1 b3
$19) 26... Qxh2 27. Rh1 Qd2 $10) 24... Qe6 25. Qe5 Rfc8 26. Bb5 a3 27. Rxc8+
Rxc8 28. Rc1 Rxc1+ 29. Bxc1 Qb6 30. Ba4 Bf8 31. Bb3 Kg7 32. h4 Bd6 33. Qg5 h6
34. Qg2 Qb5 35. Bc2 Qb6 36. Qd2 Nh5 37. Qg2 Nf6 38. Qg1 h5 $6 (38... Qc6 $5)
39. Qg5 Be7 40. Bb3 Qa6 41. Qg2 Qb6 42. Bd2 Qc6 43. Be1 Bd6 44. Qe2 Kg8 45. Qd3
Kg7 46. Bc2 Nd7 47. Qb3 Nb6 48. bxa3 bxa3 49. e4 Be7 50. Bd3 Bf6 51. e5 Be7 52.
f4 Nc4 53. f5 Bxh4 (53... gxf5 $142) 54. f6+ Kh7 55. Bc3 Bg5 56. Qb4 Qd7 57.
Qf8 Bh6 58. Qe7 Qa4 59. Bc2 Qb5+ 60. Ka1 Ne3 61. Bb1 Qc6 62. Ba5 Nc2+ 63. Bxc2
Qxc2 64. Qxf7+ Kh8 65. Qe8+ Kh7 66. Qd7+ Kh8 67. Qd8+ Kh7 68. Qc7+ Qxc7 69.
Bxc7 Bg5 70. Bd8 Be3 71. e6 Bxd4+ 72. Kb1 Kg8 73. Be7 1-0

[Event "FRA-chT poule haute"]
[Site "France"]
[Date "2003.05.09"]
[Round "10.2"]
[White "Tregubov, Pavel V"]
[Black "Godena, Michele"]
[Result "1/2-1/2"]
[WhiteElo "2612"]
[BlackElo "2524"]
[Annotator "Huebner,R"]
[PlyCount "73"]
[EventDate "2003.05.07"]
[EventType "team"]
[EventRounds "4"]
[EventCountry "FRA"]
[SourceTitle "CBM 095"]
[Source "ChessBase"]
[SourceDate "2003.07.25"]
[SourceVersion "1"]
[SourceVersionDate "2003.07.25"]
[SourceQuality "1"]
[WhiteTeam "Clichy"]
[BlackTeam "Cannes"]
[WhiteTeamCountry "FRA"]
[BlackTeamCountry "FRA"]

1. d4 d5 2. c4 c6 3. Nf3 Nf6 4. e3 a6 5. Bd3 Bg4 6. Nbd2 e6 7. b3 Nbd7 8. Bb2
Bf5 (8... Bd6 9. Qc2 Qb8 10. O-O O-O 11. h3 Bh5 12. Ng5 h6 13. Ngf3 e5 14. cxd5
cxd5 15. dxe5 Nxe5 16. Nxe5 Bxe5 17. Bxe5 Qxe5 18. Rac1 Qe7 19. Qb2 $14 {
1/2-1/2 Kramnik,V-Kasparov,G/Kasparovchess.com 2001/CBM 82 ext (57). (57)}) 9.
Qc2 Bxd3 10. Qxd3 Be7 11. O-O O-O 12. c5 Ne8 ({Zum Ausgleich führt} 12... b6
13. b4 a5 14. a3 (14. b5 bxc5 15. bxc6 c4 $17) 14... Qc7 $11) 13. b4 Nc7 14.
Nb3 Re8 15. Rad1 Bf8 16. Rfe1 Qf6 17. Ne5 Nxe5 18. dxe5 Qg6 19. Qe2 Be7 20. Rd4
f5 21. Kh1 Rf8 22. a4 Rf7 23. Rg1 h5 24. Bc3 Qh7 25. f4 g5 26. fxg5 Bxg5 27.
Be1 Rg7 28. Rf1 Rg6 29. Rf3 Ne8 30. Rh3 Ng7 31. Nc1 (31. Bh4 {überläßt dem
Weißen etwas Vorteil.}) 31... f4 {Dies ist eine mutige Entscheidung, aber
vielleicht nicht das Stärkste.} (31... Be7 32. Nd3 Rg4 {führt zu etwa gleichem
Spiel.}) 32. exf4 Nf5 33. Rd1 Bxf4 34. Nd3 Bh6 35. Qxh5 (35. Rxh5 {ist nicht
besser:} Ne3 36. Nf4 Nxd1 37. Nxg6 Qxg6 38. Rh3 (38. Qxd1 Rf8 $19) 38... Bg7
39. Qxd1 Rf8 40. Bc3 Qc2 41. Rd3 Qxa4 {usw.}) 35... Ne3 36. Rc1 {Ich würde
mich scheuen, den Turm in der Diagonale des Läufers auf h6 aufzustellen, aber
vielleicht spielt es hier wirklich keine Rolle.} (36. Nf4 {bringt nichts
Besonderes ein.} Rg5 (36... Rf8 37. Rxe3 Rxf4 38. Rf3) 37. Qxg5+ (37. Qxh6 Qxh6
38. Rxh6 Nxd1 39. Rxe6 Rf5 {ist vorteilhaft für Schwarz.}) 37... Bxg5 38. Rxh7
Kxh7 39. Nxe6 Nxd1 40. Nxg5+ Kg6 41. h4 a5 {mit unklarer Lage.}) (36. Rb1 {
ist aber sicherer.}) 36... Rf8 $6 (36... Qg7 {ist wohl stärker:} 37. Bg3 (37.
Bd2 {kann nun befriedigend mit} Ng4 {beantwortet werden.}) (37. Bf2 Ng4 (37...
Nxg2 38. Rg1 {ist ungünstig für Schwarz.}) 38. Rd1 Bf4 (38... Rf8 39. Bd4 {
ist weniger klar.}) 39. Bd4 (39. Bg1 Bxh2 40. Bxh2 Rh6 41. Qxh6 Nxh6 42. Rg3
Ng4 43. Kg1 Rf8) 39... Bxh2 40. Qh4 Rf8 {Schwarz steht sicher nicht schlechter.
}) 37... Rf8 (37... Ng4 {erlaubt dem urm des Weißen, sich der f-Linie zu
bemächtigen:} 38. Rf1 Rg5 39. Qh4 Ne3 40. Qxh6 Qxh6 41. Rxh6 Nxf1 42. Bf4 Rf5
43. Rxe6 {und Weiß gewinnt.}) 38. Qe2 Rf5 (38... Nf5 39. Bf4) 39. Rg1 Nc4 {
mit unklarer Lage.}) 37. Bg3 $4 {Offenbar bot Weiß in Zeitnot des remis an.
Seine Lage ist nach 37...Sg4 schwierig:} (37. Bg3 Ng4 38. Re1 (38. Rg1 {
ist nicht stärker:} Qg7 39. Be1 Be3 40. Rxe3 Nxe3 {mit Gewinnstellung für
Schwarz.}) (38. Rb1 Qg7 39. Bh4 (39. b5 Rg5 40. Qh4 Qg6 {und Schwarz gewinnt.})
39... Rf5 40. Bf6 Nxf6 41. exf6 Rxh5 42. fxg7 Rxh3 43. gxh3 Bxg7 {ist noch
günstiger für Schwarz.}) 38... Qg7 39. Bh4 (39. b5 Bd2 {und Schwarz gewinnt.})
39... Rf5 40. Bf6 Nxf6 41. exf6 Rxh5 42. fxg7 Rxh3 43. gxh3 Rf6 {mit besserem
Endspile für Schwarz.}) (37. Bd2 {ist viel stärker als der Textzug:} Rf5 (37...
Rxg2 38. Qxh6 (38. Bxe3 Qe4 {ist dem Weißen nicht zu raten.}) 38... Qxh6 39.
Rxh6 Rxd2 40. Rg1+ Kf7 41. Nf4 {mit Gewinnstellung für Weiß.}) 38. Qh4 Nxg2 (
38... Ng4 39. Bxh6 (39. Rg1 Qg7 {ist weniger stark.}) 39... Qxh6 40. Qxh6 Nxh6
41. Rf3 {mit vorteilhaftem Endspiel.}) 39. Qxh6 Rxh6 40. Rxh6 Qf7 41. Kxg2 Rh5
(41... Rf3 42. Rc3 Kg7 43. Rh3 (43. Rh4 Qf5 $19) 43... Rxh3 44. Kxh3 Qf3+ 45.
Kh4 {Die Rettungsaussichten des Schwarzen sind wohl gering.}) 42. Rf6 Qh7 43.
Nf2 Rxh2+ 44. Kg1 {Die Lage des Schwarzen ist bedenklich.}) 1/2-1/2

[Event "Nikolaev zt"]
[Site "Nikolaev"]
[Date "1995.??.??"]
[Round "8"]
[White "Guliev, Sarhan"]
[Black "Itkis, Boris"]
[Result "1/2-1/2"]
[WhiteElo "2470"]
[BlackElo "2410"]
[Annotator "Huebner,R"]
[PlyCount "131"]
[EventDate "1995.03.??"]
[EventType "swiss"]
[EventRounds "11"]
[EventCountry "UKR"]
[SourceTitle "CBM 047"]
[Source "ChessBase"]
[SourceDate "1995.08.01"]
[SourceVersion "1"]
[SourceVersionDate "1995.08.01"]
[SourceQuality "1"]

1. d4 {Hecht} d5 2. c4 c6 3. Nf3 dxc4 4. e3 b5 5. a4 e6 6. b3 Bb4+ 7. Bd2 Bxd2+
8. Nfxd2 (8. Nbxd2 c3 9. Ne4 b4 10. Ne5 Nf6 11. Qf3 O-O (11... a5 12. Bd3 Ra7
13. Nc5 O-O 14. O-O-O Nd5 15. Qh3 g6 16. Qg3 $13 {Hodgson-Piket, Wijk aan Zee
1993}) 12. Bd3 a5 13. g4 Ba6 14. Bc2 Ra7 15. Rg1 Nxe4 16. Qxe4 f5 $6 (16... g6
$142 $13) 17. gxf5 exf5 18. Qf4 $40 {Arencibia-Remon, Capablanca Memorial 1992}
) 8... cxb3 9. axb5 b2 {Schwarz folgt einer in der ECO unter D 11/2, Fußnote 8
gegebenen Empfehlung.} 10. Ra2 Ne7 11. Rxb2 O-O 12. Bd3 cxb5 13. Rxb5 Nd7 (
13... Ba6 $5) 14. Rg5 Nf6 15. Nc3 Nf5 (15... Bb7 $5) 16. Qf3 Qc7 17. Nce4 Nxe4
18. Bxe4 Qc1+ 19. Qd1 Qxd1+ 20. Kxd1 Rb8 21. g4 f6 22. Rh5 g6 23. Rh3 Nd6 24.
Bc2 e5 25. Rg3 exd4 26. exd4 Rb4 27. Nb3 Bb7 28. Re1 Bd5 29. Re7 Rf7 30. Rxf7
Kxf7 31. h3 Nb5 32. Ke1 Ke7 33. Bd1 Kd6 34. h4 h6 35. Re3 f5 36. gxf5 gxf5 37.
Rg3 Bxb3 38. Bxb3 Nxd4 39. Rg6+ {RBPP<->RNPPP. Die schwarzen Bauernschwächen
ermöglichen Weiß das Remis.} Ke5 40. Bd1 Rb6 41. Rg7 Ra6 42. h5 Ke4 43. Re7+
Kf4 44. Rd7 Nf3+ 45. Kf1 Ra2 46. Rh7 Ra6 47. Kg2 Ng5 48. Rc7 Ne4 49. Bc2 Nd6
50. Rh7 Ra2 51. Rxh6 Nc4 52. Bb1 Rb2 53. Bd3 Ne5 54. Rd6 Ng4 55. Rd4+ Kg5 56.
Ra4 Rxf2+ 57. Kg1 Rd2 58. Bxf5 Kxf5 59. Rxa7 Kg5 60. Kf1 Kxh5 61. Ke1 Rb2 62.
Rd7 Kg5 63. Rd2 Rb3 64. Ke2 Ne5 65. Rd5 Kf5 66. Rd4 1/2-1/2

[Event "Yongchuan zt 3.3"]
[Site "Yongchuan"]
[Date "2003.07.19"]
[Round "8"]
[White "Xu, Jun"]
[Black "Zhang, Pengxiang"]
[Result "0-1"]
[WhiteElo "2626"]
[BlackElo "2567"]
[Annotator "Huebner,R"]
[PlyCount "64"]
[EventDate "2003.07.11"]
[EventType "tourn"]
[EventRounds "11"]
[EventCountry "CHN"]
[EventCategory "12"]
[SourceTitle "CBM 097"]
[Source "ChessBase"]
[SourceDate "2003.11.11"]
[SourceVersion "1"]
[SourceVersionDate "2003.11.11"]
[SourceQuality "1"]

1. d4 d5 2. Nf3 Nf6 3. c4 c6 4. e3 a6 5. Bd3 Bg4 6. Nbd2 e6 7. O-O Nbd7 8. h3
Bh5 9. Qc2 $6 (9. b3 {sieht plausibler aus.}) (9. e4 {kommt ebenfalls in
Betracht.}) 9... dxc4 10. Qxc4 (10. Nxc4 $5 Bxf3 11. gxf3 c5 12. dxc5 Nxc5 13.
Rd1 {ist ein Versuch, um Ausgleich zu kämpfen.}) (10. Bxc4 c5 {ist ebenfalls
unbequem für Weiß.}) 10... c5 {Jetzt steht die Dame des Weißen auf c4 sehr
schlecht.} 11. Ne5 $2 {Weiß erweist sich als geschworener Feind aller
Entwicklungsversuche. Mit} (11. dxc5 Nxc5 12. Be2 Rc8 13. Rd1 {kann er den
Schaden in Grenzen halten.}) 11... b5 12. Qc2 Rc8 13. Nxd7 Qxd7 14. Ne4 Nxe4
15. Bxe4 cxd4 16. Qd2 Bc5 17. a4 bxa4 18. exd4 Bxd4 19. Bc2 O-O 20. Rxa4 Rfd8
21. Rxa6 Qc7 22. Bd3 Bc5 ({Zum Gewinn führt wohl auch} 22... Be5 23. Qe3 (23.
Ra3 Bg6 24. f4 Bd6 {ist sofort fatal für Weiß.}) 23... Rxd3 24. Qxd3 Qxc1 25.
Rxc1 Rxc1+ 26. Qf1 Rxf1+ 27. Kxf1 g5 28. b4 Bg6 29. Ke2 Be4 30. f3 Bd5 {
doch ist der Textzug klarer.}) 23. Qc2 Qe5 24. Bxh7+ Kh8 25. Ra5 {Es gibt
keine Rettung:} (25. Qe4 Qxe4 26. Bxe4 Be2 27. Ra1 Bxf1 28. Kxf1 Rd1+ 29. Ke2
Rg1 $19) (25. Be4 Bd6 26. Rxd6 Qxd6 27. Qb3 Bd1 {ist auf die Dauer ebenfalls
unhaltbar für Weiß, aber sicher noch der zäheste Versuch.}) 25... Be2 $2 (25...
Bd1 {führt unmittelbar zum Gewinn:} 26. Rxc5 (26. Rxd1 Bxf2+ 27. Kxf2 Rxc2+ 28.
Bxc2 Qxa5 $19) (26. Qb1 Bxf2+) 26... Rxc5 27. Qb1 g6 28. b4 (28. Bxg6 fxg6 29.
Qxg6 Bc2 {ist ebenfalls hoffnungslos.}) 28... Rc2 29. Be3 Qd5 {usw.}) 26. b4 $2
(26. Be3 Bxf1 27. Kxf1 Bd4 28. Rxe5 Rxc2 29. Bxc2 Bxe5 30. b3 {bietet
beachtliche Rettungsaussichten.}) 26... Bxf1 27. Rxc5 Rxc5 28. bxc5 Be2 $2 ({
Richtig ist} 28... Qe1 29. Kh2 Rd1 30. Be3 Bxg2 31. Kxg2 Qh1+ 32. Kg3 Rg1+ 33.
Kf4 Qh2+ 34. Kf3 Qxh3+ {mit Gewinn.}) 29. f4 $2 (29. Bb2 Qf4 30. Qxe2 Kxh7 31.
Qh5+ Kg8 32. g3 Qc7 33. Qe5 {bietet auch hier die Möglichkeit zu zäher
Gegenwehr.}) 29... Qd4+ 30. Kh2 Bd1 31. Qb1 Qxc5 32. Be4 f5 0-1

[Event "Corus-B"]
[Site "Wijk aan Zee"]
[Date "2003.01.21"]
[Round "9"]
[White "Koneru, Humpy"]
[Black "Acs, Peter"]
[Result "1-0"]
[WhiteElo "2496"]
[BlackElo "2623"]
[Annotator "Huebner,R"]
[PlyCount "79"]
[EventDate "2003.01.14"]
[EventType "tourn"]
[EventRounds "13"]
[EventCountry "NED"]
[EventCategory "13"]
[SourceTitle "CBM 093"]
[Source "ChessBase"]
[SourceDate "2003.04.01"]
[SourceVersion "1"]
[SourceVersionDate "2003.04.01"]
[SourceQuality "1"]

1. d4 d5 2. Nf3 Nf6 3. c4 c6 4. e3 Bg4 5. Nc3 e6 6. Qb3 Qb6 7. Bd2 Nbd7 8. Bd3
Be7 9. Qc2 Bh5 10. O-O Bg6 11. cxd5 exd5 12. Rab1 O-O 13. b4 Qc7 14. Bxg6 hxg6
15. b5 c5 16. dxc5 Qxc5 17. Rfc1 Rfc8 18. Qd1 Qd6 19. Ne2 Rc4 20. Ned4 Rac8 21.
Rxc4 Rxc4 22. Bc1 Ne4 23. Bb2 Ndf6 24. h3 Bd8 25. Ne2 Bb6 26. Bd4 Bxd4 27.
Nfxd4 Qa3 28. Qb3 Qa5 29. Qb2 Nd7 30. f3 Nd6 31. Nf4 Nf6 32. Rc1 $2 (32. Qe2
$11) 32... Ra4 (32... Rxc1+ 33. Qxc1 Nxb5 (33... Qxa2 34. Qc5 Nc4 {ist
ebenfalls gut.}) 34. Nxb5 Qxb5 {führt ebenfalls auf die Dauer zum Sieg; der
Textzug ist noch aktiver.}) 33. Nb3 Rxa2 $6 (33... Qxb5 $19) 34. Qe5 $2 (34.
Qxf6 gxf6 35. Nxa5 Rxa5 36. b6 {bietet Rettungsaussichten.}) 34... Qa3 $6 (
34... Qxb5 35. Qxd6 Qxb3 36. Rc8+ Kh7 {sieht zwingender aus.}) 35. Rc3 Qb4 $4 (
35... Nc4 {und Schwarz gewinnt:} 36. Qd4 (36. Qb8+ Kh7 37. Nxd5 Qb2 38. Qg3 Nh5
39. Qg4 Ne5) 36... Qb2 {und weiß muß aufgeben.}) 36. Nd3 {Jetzt muß Schwarz
die Segel streichen.} Qa3 37. Nbc1 Qa5 38. Nxa2 Nc4 39. Qb8+ Kh7 40. Ndb4 1-0